Statistics for Scottish Football League Quiz

Click here to take the quiz!

General Stats

  • This quiz has been taken 624 times
    (585 since last reset)
  • The average score is 25 of 42

Answer Stats

Club% Correct
Celtic
99%
Rangers
98%
Aberdeen
95%
Dundee
91%
Heart of Midlothian
89%
Hibernian
84%
Inverness CT
82%
Dundee United
79%
Kilmarnock
73%
Motherwell
72%
St Johnstone
69%
St Mirren
67%
Hamilton Academical
63%
Partick Thistle
63%
Falkirk
61%
Ayr
60%
Queen of the South
58%
Stirling
58%
Livingston
58%
Raith Rovers
57%
Ross County
56%
Queen's Park
56%
Arbroath
55%
East Fife
54%
Alloa
54%
Dunfermline
53%
Greenock Morton
50%
Forfar
48%
Airdrieonians
48%
Clyde
47%
Cowdenbeath
46%
Edinburgh City
46%
Stranraer
45%
Peterhead
44%
Dumbarton
42%
Montrose
41%
Brechin
41%
Elgin
40%
Stenhousemuir
40%
Albion
39%
Annan
37%
Cove Rangers
31%

Score Distribution

Percentile by Number Answered

Percent of People with Each Score

Your Score History

You have not taken this quiz since the last reset